De México a Necaxa / (Record no. 13498)

MARC details
000 -CABECERA
campo de control de longitud fija 00508nam a2200169 a 4500
005 - FECHA Y HORA DE LA ÚLTIMA TRANSACCIÓN
campo de control 20230512063637.0
008 - ELEMENTOS DE LONGITUD FIJA--INFORMACIÓN GENERAL
campo de control de longitud fija 991125s1919 mx 000 0 spa u
035 ## - NÚMERO DE CONTROL DEL SISTEMA
Número de control de sistema UPN01000013498
049 ## - COLECCIÓN
Colección CE
050 #4 - SIGNATURA TOPOGRÁFICA DE LA BIBLIOTECA DEL CONGRESO
Número de clasificación F1227.2
Número de documento/Ítem C6.3
100 1# - ASIENTO PRINCIPAL--NOMBRE PERSONAL
Nombre de persona Conde de Fox
245 10 - MENCIÓN DE TÍTULO
Título De México a Necaxa /
Mención de responsabilidad, etc. por el Conde de Fox ; pról. Jesús Romero Flores.
260 ## - PUBLICACIÓN, DISTRIBUCIÓN, ETC.
Lugar de publicación, distribución, etc. México :
Nombre del editor, distribuidor, etc. Impresora Mexicana,
Fecha de publicación, distribución, etc. 1919.
300 ## - DESCRIPCIÓN FÍSICA
Extensión 267 p., [12] h. de láms.
651 #4 - ASIENTO SECUNDARIO DE MATERIA - NOMBRE GEOGRAFICO
Nombre geográfico México
Subdivisión general Descripción y viajes
9 (RLIN) 10016
905 ## - TIPO DE MATERIAL
Tipo de material Libro
Holdings
Estado de retiro Estado de pérdida Fuente del sistema de clasificación o colocación Estado dañado No para préstamo Código de colección Localización permanente Ubicación/localización actual Ubicación en estantería Fecha de adquisición Clasificación Código de barras Fecha visto por última vez Número de copia Tipo de ítem Koha
    Library of Congress Classification   Disponible (Previa cita) Fondo Reservado de libros Bib. Gregorio Torres Quintero Bib. Gregorio Torres Quintero Sala de Fondos Reservados Planta alta 18/11/2022 F1227.2 C6.3 12796 31/12/2020 1 Libro